Vybrané problémy prevádzky maloobchodnej jednotky - supermarket bakalárska práca

Na minha lista:
Detalhes bibliográficos
Autor principal: Palková, Lýdia
Autor Corporativo: Podnikovohospodárska fakulta EU so sídlom v Košiciach. Katedra marketingu a obchodu
Outros Autores: Lieskovská, Vanda, 1961-
Formato: Livro
Idioma:eslovaco
Publicado em: Košice 2009
Tags: Adicionar Tag
Sem tags, seja o primeiro a adicionar uma tag!

MARC

LEADER 00000nam$a2200000$$$4500
001 0106473
005 20240319131840.8
041 0 |a slo 
044 |a SK 
245 1 0 |a Vybrané problémy prevádzky maloobchodnej jednotky - supermarket  |b bakalárska práca  |c Lýdia Palková ; škol. Vanda Lieskovská 
264 1 |a Košice  |c 2009 
300 |a 58 s. 
100 1 |a Palková, Lýdia 
700 1 |a Lieskovská, Vanda, 1961- 
710 2 |a Podnikovohospodárska fakulta EU so sídlom v Košiciach. Katedra marketingu a obchodu